|
|
|
|
| LEADER |
00782naa a22001932u 4500 |
| 001 |
10051104 |
| 003 |
upatras |
| 005 |
20250124124958.0 |
| 008 |
040909n19uu gr u gre |
| 040 |
|
|
|a GR-PaULI
|c GR-PaULI
|b gre
|
| 082 |
0 |
4 |
|a 889.3
|
| 100 |
1 |
|
|a Σπήλιος, Απόστολος,
|d 1908-1976
|e συγγραφέας
|9 131593
|
| 245 |
1 |
0 |
|a Σφυριές :
|h χρονογραφήματα /
|b Αποστολος Σπηλιος
|
| 260 |
|
|
|a Αθήνα :
|b Ηριδανός,
|c [19--]
|
| 300 |
|
|
|a 175 σ. :
|c 21 εκ.
|
| 942 |
|
|
|2 ddc
|s
|c BK15
|
| 952 |
|
|
|0 0
|1 0
|2 ddc
|4 0
|6 889_300000000000000_ΣΠΗ
|7 0
|9 207164
|a LISP
|b LISP
|c BSC
|d 2016-11-08
|i 090962
|l 0
|o 889.3 ΣΠΗ
|p 025000151815
|r 2016-11-08 00:00:00
|t 1
|v 2016.00
|w 2016-11-08
|y BK15
|
| 998 |
|
|
|c ΜΠΟΥΡΑΣ
|d 2016-11
|
| 999 |
|
|
|c 11217
|d 11217
|